00323nam a2200133Ia 4500008004100000020001500041041001200056100001700068245004300085250000800128260003300136300000800169650001200177221030s9999 xx 000 0 und d a0972718508 aEnglish aT. R. Khanna 0aFountain of Inner Joycby T. R. Khanna a2nd bWisdom Pub.aNew Delhic2001 a116 aGeneral